Bereich Ravensburg, Rahmenplan /

Gardado en:
Detalles Bibliográficos
Autor Principal: Andresen, Erik (autor)
Outros autores: Petzold, Eva (autor) (autor), Schramm, Ulrich (autor) (autor)
Formato: Libro
Idioma:German
Publicado: Stuttgart, Alemania : Universität Stuttgart, Institut für Landschaftsplanung, 1973, c1973
Etiquetas: Engadir etiqueta
Sen Etiquetas, Sexa o primeiro en etiquetar este rexistro!

MARC

LEADER 00000nam^a2200000^a^4500
001 000554964
005 20250526000000.0
009 20260310131709.175
037 |a Acervo ITESO - Biblioteca 
041 |a ALE 
091 |a FHA. 00794 
100 |a Andresen, Erik  |e (autor) 
245 1 0 |a Bereich Ravensburg, Rahmenplan / 
264 4 |a Stuttgart, Alemania :  |b Universität Stuttgart, Institut für Landschaftsplanung,  |c 1973, c1973 
300 |a 69 p. ;  |c 29.5 cm. 
336 |a texto  |b txt  |2 rdacontenido 
337 |a sin mediación  |b n  |2 rdamedio 
338 |a volumen  |b nc  |2 rdasoporte 
515 |a Inventario familia Hartung: 1028 
649 |a XX 
700 |a Petzold, Eva  |e (autor) 
700 |a Schramm, Ulrich  |e (autor) 
910 |a Fondo Horst Hartung Franz 
920 |a Impresos - Libros 
930 |a Libros Antiguos y Raros 
905 |a 135 
901 |a 0500332605  |b IT2  |c LRA  |i D  |u 20250526 
902 |a https://opac.biblio.iteso.mx/vufind/Record/000554964